Statistics for Sovonthak Country Quiz

Click here to take the quiz!

General Stats

  • This quiz has been taken 43 times
  • The average score is 6 of 15

Answer Stats

HintAnswer% Correct
What country was it a former colony of?Spain
73%
What was the former name?Vascadam
59%
It has close roots with what other Southeast Asian country?Cambodia
55%
It serves as a gateway to what strait?Malacca
55%
What is the capital?Santo Chay
50%
What sea is it located in?Andaman
45%
It's unlucky to have the same what?Birthday
41%
What is the only endemic animal species, with a long horn?Malacca {Beaver}
41%
Which is a portmanteau of words in which language?Basque
32%
What Hispanophone African country does it have close ties with?Equatorial Guinea
32%
What fish is the national animal?Shallow Blobfish
32%
What is the most populated of the atolls?Baia Trey
27%
What system is often used in place of money?Barter
18%
It won 2 gold medals for what sport at the Olympics?Badminton
14%
What is the largest tribe?Trey
14%

Score Distribution

Percentile by Number Answered

Percent of People with Each Score

Your Score History

You have not taken this quiz